Aftab-e-Adalat (Imam-e-Zamana kay ehwal-o-Waqiat per mushtamil aik ilmi kawish) (Record no. 9909)
[ view plain ]
| 000 -LEADER | |
|---|---|
| fixed length control field | 00390 a2200121 4500 |
| 090 ## - LOCALLY ASSIGNED LC-TYPE CALL NUMBER (OCLC); LOCAL CALL NUMBER (RLIN) | |
| -- | 6074 |
| -- | 6074 |
| 100 ## - MAIN ENTRY--PERSONAL NAME | |
| Personal name | Ibrahim Amini, Aiyt ullah |
| 245 ## - TITLE STATEMENT | |
| Title | Aftab-e-Adalat (Imam-e-Zamana kay ehwal-o-Waqiat per mushtamil aik ilmi kawish) |
| Statement of responsibility, etc. | Aiyt ullah Ibrahim Amini |
| Medium | (urdu) |
| 260 ## - PUBLICATION, DISTRIBUTION, ETC. | |
| Place of publication, distribution, etc. | Lahore: |
| Name of publisher, distributor, etc. | Adara Minhaj Alsualeheen, |
| 300 ## - PHYSICAL DESCRIPTION | |
| Extent | 370 p. ; |
| Dimensions | 24 cm. |
| 650 ## - SUBJECT ADDED ENTRY--TOPICAL TERM | |
| Topical term or geographic name entry element | Islam |
| 942 ## - ADDED ENTRY ELEMENTS (KOHA) | |
| Koha item type | Book |
| Call number prefix | 297.648 IBR |
| Withdrawn status | Lost status | Damaged status | Not for loan | Collection code | Permanent Location | Current Location | Shelving location | Date acquired | Source of acquisition | Cost, normal purchase price | Total Checkouts | Full call number | Barcode | Date last seen | Price effective from | Koha item type |
|---|---|---|---|---|---|---|---|---|---|---|---|---|---|---|---|---|
| Central Library (CL) | Central Library (CL) | General Stacks | 05/05/2005 | Allied Book Company | 150.00 | 297.648 IBR | SEECS005652 | 11/14/2012 | 01/05/2017 | Book |
